000 01404nam a2200349 i 4500
001 47009
003 KOSZ 005
005 20231109062807.0
008 080903s1956 pl a g 001 0 pol
015 _aPB 1956/1487
040 _aWA N
_cWA N
_dKOSZ 005/RW
041 1 _apol
_hger
080 _a335.5:14M+301M+330
100 1 _aEngels, Friedrich
_d(1820-1895)
_eAutor
245 1 0 _aAnty-Dühring :
_bpan Eugeniusz Dühring dokonuje przewrotu w nauce /
_cFryderyk Engels ; [z niem. przeł. Paweł Hoffman].
246 1 _iTyt. oryg.:
_aHerrn Eugen Dührings Umwälzung der Wissenschaft :
_bAnti-Dühring.
250 _aWydanie 3.
260 _aWarszawa :
_bKsiążka i Wiedza,
_c1956.
300 _a454, [2] stron, [1] karta tablic :
_bilustracje ;
_c21 cm.
336 _aTekst
_btxt
_2rdacontent
337 _aBez urządzenia pośredniczącego
_bn
_2rdamedia
338 _aWolumin
_bnc
_2rdacarrier
380 _aKsiążki.
490 1 _aBiblioteka Klasyków Marksizmu-Leninizmu.
504 _aIndeks.
650 4 _aFilozofia nauki
700 1 _aHoffman, Paweł
_d(1903-1978).
_eTłumaczenie
710 2 _aSpółdzielnia Wydawniczo-Handlowa "Książka i Wiedza"
_4pbl.
830 0 _aBiblioteka Klasyków Marksizmu-Leninizmu.
856 _uhttp://koha.tu.koszalin.pl/cgi-bin/koha/opac-detail.pl?biblionumber=47009
_yKatalog online BPK
942 _2UKD
_cKS
999 _c47009
_d47009